[Event "World Junior Chess Championship U18 g"]
[Site "Gaziantep"]
[Date "2008.08.08"]
[Round "7.20"]
[White "Kalashyan, Varduhi"]
[Black "Davletbazeva, Madina"]
[Result "1/2-1/2"]
[WhiteElo "2049"]
[BlackElo "2155"]
[PlyCount "141"]
[EventDate "2008.08.??"]
[EventType "swiss"]
[EventRounds "13"]
[EventCountry "TUR"]

1. e4 Nf6 2. e5 Nd5 3. g3 d6 4. exd6 exd6 5. Bg2 Nb6 6. d4 d5 7. Ne2 Be7 8. O-O
O-O 9. Nbc3 Bf5 10. a4 c6 11. b3 Na6 12. Bb2 Nb4 13. Rc1 a5 14. Ba3 Qd7 15.
Bxb4 Bxb4 16. Na2 Ba3 17. Ra1 Bd6 18. Nac1 Rfe8 19. Nd3 Qe7 20. Nef4 Qf6 21. c3
Nd7 22. h4 Nf8 23. Qd2 Ne6 24. Ra2 Nxf4 25. Nxf4 Qh6 26. Nd3 Qxd2 27. Rxd2 h6
28. Nb2 Re7 29. Nd1 Rae8 30. Bf3 Bh3 31. Bg2 Bxg2 32. Kxg2 Re2 33. Rd3 f5 34.
Kf3 f4 35. Ne3 Rb2 36. gxf4 Re4 37. c4 Rxf4+ 38. Kg2 Rxh4 39. cxd5 Rh2+ 40. Kg1
cxd5 41. Nxd5 Rh5 42. Ne3 Rg5+ 43. Kh1 Re2 44. d5 Kf7 45. Nc4 Ke7 46. Nxa5 Re4
47. f4 Bxf4 48. Nxb7 Be3 49. Rf7+ Kxf7 50. Nd6+ Ke7 51. Nxe4 Rh5+ 52. Kg2 Bf4
53. d6+ Kd8 54. d7 Rh2+ 55. Kg1 Re2 56. Nc3 Re3 57. Rxe3 Bxe3+ 58. Kg2 Kxd7 59.
Kf3 Bc5 60. Ke4 g6 61. Kd5 Be7 62. Nb5 h5 63. Ke4 g5 64. Nd4 Kc7 65. Nf5 Bf8
66. Nd4 Kb6 67. Kf5 g4 68. Kg5 g3 69. Kxh5 g2 70. Nf3 Bc5 71. Kg4 1/2-1/2

[Event "World Junior Chess Championship U18 g"]
[Site "Gaziantep"]
[Date "2008.08.08"]
[Round "7.21"]
[White "Toth, Sarolta"]
[Black "Shamima, Akter"]
[Result "1-0"]
[WhiteElo "2151"]
[BlackElo "2099"]
[PlyCount "89"]
[EventDate "2008.08.??"]
[EventType "swiss"]
[EventRounds "13"]
[EventCountry "TUR"]

1. c4 e5 2. g3 Nf6 3. Bg2 d5 4. cxd5 Nxd5 5. Nc3 Nb6 6. Nf3 Nc6 7. O-O Be7 8.
a3 O-O 9. b4 Be6 10. d3 a5 11. b5 Nd4 12. Nxd4 exd4 13. Ne4 Nd5 14. Qc2 Rb8 15.
Bb2 c5 16. bxc6 Qb6 17. Nd2 bxc6 18. Nc4 Qc5 19. Qa4 Rb5 20. Rac1 Qa7 21. Ba1
f6 22. Nd2 Bc5 23. Ne4 Nb6 24. Qd1 Bxa3 25. Rxc6 Bb3 26. Qd2 Qd7 27. Rxb6 Bb4
28. Qb2 Bc3 29. Rd6 Qe7 30. Qc1 Bxa1 31. Qxa1 f5 32. Qxd4 fxe4 33. Rd7 Qf6 34.
Qxf6 Rxf6 35. Bxe4 h6 36. Rc1 Rb8 37. Rcc7 g5 38. Ra7 a4 39. Bd5+ Kf8 40. e4
Rf3 41. Kg2 Rf6 42. e5 Rfb6 43. Rf7+ Ke8 44. Bxb3 Rxb3 45. Rh7 1-0

[Event "World Junior Chess Championship U18 g"]
[Site "Gaziantep"]
[Date "2008.08.08"]
[Round "7.22"]
[White "Alavi, Hour Homa"]
[Black "Pourkashiyan, Atousa"]
[Result "1/2-1/2"]
[WhiteElo "1723"]
[BlackElo "2269"]
[PlyCount "93"]
[EventDate "2008.08.??"]
[EventType "swiss"]
[EventRounds "13"]
[EventCountry "TUR"]

1. d4 Nf6 2. Nf3 e6 3. Bg5 c5 4. c3 cxd4 5. cxd4 Be7 6. Nc3 d5 7. e3 O-O 8. Bd3
Nbd7 9. O-O b6 10. Rc1 a6 11. h3 Bb7 12. Qc2 h6 13. Bf4 b5 14. Ne2 Rc8 15. Qb1
Qb6 16. Rxc8 Rxc8 17. Rc1 Rxc1+ 18. Qxc1 Bd6 19. Bxd6 Qxd6 20. Bb1 Ne4 21. Qc2
Kf8 22. Nf4 Ke7 23. Nd3 a5 24. Nfe5 Nxe5 25. Nxe5 f6 26. Nd3 Qc6 27. f3 Qxc2
28. Bxc2 Nd6 29. Kf2 Bc6 30. Nc5 Nc4 31. b3 Nb6 32. Nd3 Nd7 33. Nf4 g5 34. Ne2
Nb8 35. Ke1 Kd6 36. Kd2 Bd7 37. Ng3 Nc6 38. a3 b4 39. a4 Ne7 40. Nh5 f5 41. Ng3
e5 42. dxe5+ Kxe5 43. Ne2 Nc6 44. Bd3 Nd8 45. f4+ Kf6 46. Nd4 Nb7 47. Bb5
1/2-1/2

[Event "World Junior Chess Championship U18 g"]
[Site "Gaziantep"]
[Date "2008.08.08"]
[Round "7.23"]
[White "Middelveld, Martine"]
[Black "Leks, Hanna"]
[Result "1-0"]
[WhiteElo "2073"]
[BlackElo "2198"]
[PlyCount "61"]
[EventDate "2008.08.??"]
[EventType "swiss"]
[EventRounds "13"]
[EventCountry "TUR"]

1. d4 Nf6 2. c4 d6 3. Nf3 Nbd7 4. Nc3 e5 5. e4 g6 6. Be2 Bg7 7. O-O O-O 8. Qc2
Nh5 9. Rd1 Nf4 10. Bf1 c5 11. d5 Nf6 12. Bxf4 exf4 13. e5 dxe5 14. Nxe5 Re8 15.
Nd3 f3 16. g3 Bf5 17. Re1 Ne4 18. Nxe4 Bxe4 19. Rad1 Qe7 20. Qd2 Bd4 21. Nc1
Qd6 22. Nb3 Bg7 23. Bd3 f5 24. Qc2 Bxd3 25. Qxd3 Bxb2 26. Qxf3 Be5 27. Re2 a5
28. Rde1 b6 29. Qd3 a4 30. f4 axb3 31. fxe5 1-0

[Event "World Junior Chess Championship U18 g"]
[Site "Gaziantep"]
[Date "2008.08.08"]
[Round "7.24"]
[White "Chierici, Marianna"]
[Black "Sgircea, Silvia-Raluca"]
[Result "1-0"]
[WhiteElo "2037"]
[BlackElo "2167"]
[PlyCount "69"]
[EventDate "2008.08.??"]
[EventType "swiss"]
[EventRounds "13"]
[EventCountry "TUR"]

1. e4 c5 2. c3 Nf6 3. e5 Nd5 4. d4 cxd4 5. Nf3 e6 6. cxd4 d6 7. Nc3 Nxc3 8.
bxc3 Qc7 9. Bd2 Nd7 10. exd6 Bxd6 11. Bd3 b6 12. Ng5 Nf6 13. Qe2 O-O 14. O-O
Bb7 15. Qe3 h6 16. Nf3 Ng4 17. Qe2 Bxh2+ 18. Kh1 Bf4 19. Ne5 Bxd2 20. Qxg4 Qd8
21. f4 f5 22. Qg3 Rc8 23. Bc4 Bd5 24. Bxd5 Qxd5 25. Rf3 Qe4 26. Ng6 Rfe8 27.
Rd3 Bxc3 28. Rxc3 Rcd8 29. Rc7 Qxd4 30. Rac1 Rd7 31. Kh2 Rxc7 32. Rxc7 Qf6 33.
Rxa7 Kh7 34. Ne5 Rc8 35. Rf7 1-0

[Event "World Junior Chess Championship U18 g"]
[Site "Gaziantep"]
[Date "2008.08.08"]
[Round "7.25"]
[White "Albano, Jeremias Bianca"]
[Black "Klimets, Elena"]
[Result "0-1"]
[WhiteElo "1990"]
[BlackElo "2150"]
[PlyCount "98"]
[EventDate "2008.08.??"]
[EventType "swiss"]
[EventRounds "13"]
[EventCountry "TUR"]

1. e4 d6 2. d4 Nf6 3. Nc3 g6 4. f4 Bg7 5. Nf3 O-O 6. Bd3 Na6 7. O-O c5 8. d5
Bg4 9. Be3 Nc7 10. Qe1 Bxf3 11. Rxf3 b5 12. Nxb5 Nxb5 13. Bxb5 Nxe4 14. Rb1 Rb8
15. Bd3 Nf6 16. Bc4 Qd7 17. b3 Qf5 18. Bd3 Qxd5 19. f5 Ng4 20. Bg5 e6 21. Qh4
exf5 22. Rbf1 Ne5 23. Rh3 Qd4+ 24. Qxd4 cxd4 25. Be7 Rfe8 26. Bxd6 Rbd8 27.
Bxe5 Rxe5 28. Bc4 Re3 29. Rxe3 dxe3 30. g4 Rd2 31. gxf5 Bd4 32. Re1 gxf5 33. c3
Bxc3 34. Re2 Bd4 35. Kf1 f4 36. Rxd2 exd2 37. Be2 Kg7 38. Kg2 Kf6 39. Kf3 Ke5
40. Bd1 Be3 41. b4 Kd4 42. b5 Kc3 43. a4 Kb2 44. Ke2 Kc1 45. a5 f3+ 46. Kxf3
Kxd1 47. b6 axb6 48. axb6 Ke1 49. b7 d1=Q+ 0-1

[Event "World Junior Chess Championship U18 g"]
[Site "Gaziantep"]
[Date "2008.08.08"]
[Round "7.26"]
[White "Ikonomopoulou, Maria"]
[Black "Garcia, Liria Caetano"]
[Result "1-0"]
[WhiteElo "2074"]
[BlackElo "1792"]
[PlyCount "71"]
[EventDate "2008.08.??"]
[EventType "swiss"]
[EventRounds "13"]
[EventCountry "TUR"]

1. e4 c6 2. c4 d5 3. exd5 cxd5 4. cxd5 Nf6 5. Nc3 Nxd5 6. Nf3 e6 7. d4 Be7 8.
Bd3 Nc6 9. O-O O-O 10. Re1 a6 11. a3 b5 12. Nxd5 Qxd5 13. Be4 Qd7 14. Ne5 Nxe5
15. Bxa8 Ng6 16. Be3 Rd8 17. Rc1 Bb7 18. Bxb7 Qxb7 19. Qc2 Nh4 20. Qc6 Qxc6 21.
Rxc6 a5 22. d5 Rxd5 23. Rc8+ Bf8 24. Rec1 f5 25. Bc5 Ng6 26. Bxf8 Nxf8 27. R8c5
Nd7 28. Rxd5 exd5 29. Rc7 Nb6 30. Rb7 Nc4 31. Rxb5 a4 32. Rxd5 Nxb2 33. Rd4 Kf7
34. Kf1 Ke6 35. Ke2 Ke5 36. Rb4 1-0

[Event "World Junior Chess Championship U18 g"]
[Site "Gaziantep"]
[Date "2008.08.08"]
[Round "7.27"]
[White "Boyarchenko, Marie"]
[Black "Bayrak, Asli"]
[Result "0-1"]
[WhiteElo "1895"]
[BlackElo "2013"]
[PlyCount "34"]
[EventDate "2008.08.??"]
[EventType "swiss"]
[EventRounds "13"]
[EventCountry "TUR"]

1. e4 e6 2. d4 d5 3. exd5 exd5 4. Bd3 Bd6 5. Qf3 Be6 6. Ne2 Nc6 7. c3 Qd7 8. h3
O-O-O 9. O-O Kb8 10. b4 h5 11. a4 Nh6 12. a5 Bg4 13. hxg4 hxg4 14. Qe3 Nf5 15.
Bxf5 Bh2+ 16. Kh1 Qxf5 17. g3 Qh7 0-1

[Event "World Junior Chess Championship U18 g"]
[Site "Gaziantep"]
[Date "2008.08.08"]
[Round "7.28"]
[White "Acar, Gizem"]
[Black "Antonova, Nadezhda"]
[Result "1-0"]
[WhiteElo "1931"]
[BlackElo "1883"]
[PlyCount "105"]
[EventDate "2008.08.??"]
[EventType "swiss"]
[EventRounds "13"]
[EventCountry "TUR"]

1. e4 Nf6 2. e5 Nd5 3. d4 d6 4. c4 Nb6 5. exd6 cxd6 6. Nc3 Nc6 7. Be3 g6 8. Bd3
Bg7 9. Nge2 O-O 10. O-O e5 11. d5 Ne7 12. b3 f5 13. f4 Nd7 14. Rc1 Nf6 15. h3
Kh8 16. Qd2 Neg8 17. Nb5 a6 18. Nbc3 Qe7 19. Na4 Bd7 20. Nb6 Rae8 21. Qb4 Nh5
22. Rce1 Rf7 23. c5 Bf8 24. Nxd7 Qxd7 25. fxe5 dxe5 26. d6 f4 27. Bc4 Rf5 28.
Bd2 Rg5 29. g4 Nhf6 30. Nxf4 Nxg4 31. Ng2 Rh5 32. hxg4 Qxg4 33. Be2 Qxb4 34.
Bxb4 Rg5 35. Bd2 Rf5 36. Bg4 Rxf1+ 37. Rxf1 h5 38. d7 Ra8 39. Be6 Bxc5+ 40. Kh2
Ne7 41. Rc1 b6 42. b4 Bd6 43. Rc8+ Nxc8 44. dxc8=Q+ Rxc8 45. Bxc8 a5 46. b5 Kg7
47. Bg5 Kf7 48. Ne3 Bc5 49. Kg3 Bd4 50. Kf3 Ke8 51. Be6 Kf8 52. Ke4 Ke8 53. Nc4
1-0

[Event "World Junior Chess Championship U18 g"]
[Site "Gaziantep"]
[Date "2008.08.08"]
[Round "7.30"]
[White "Karayaylali, Pinar"]
[Black "Efroimski, Marsel"]
[Result "0-1"]
[WhiteElo "1597"]
[BlackElo "2091"]
[PlyCount "64"]
[EventDate "2008.08.??"]
[EventType "swiss"]
[EventRounds "13"]
[EventCountry "TUR"]

1. e4 c5 2. Nf3 d6 3. d4 cxd4 4. Nxd4 Nf6 5. Nc3 a6 6. a4 e5 7. Nf3 Be6 8. Ng5
Be7 9. Nxe6 fxe6 10. Bc4 Qd7 11. Be3 Nc6 12. O-O Rc8 13. Ba2 O-O 14. h3 Kh8 15.
Qd2 Nb4 16. Bb3 d5 17. Bg5 d4 18. Bxf6 Rxf6 19. Ne2 Rd8 20. Rad1 Nc6 21. c3 Bc5
22. Bc2 Qf7 23. Qe1 Rf8 24. b4 Ba7 25. cxd4 Nxd4 26. Nxd4 Bxd4 27. Kh1 Bxf2 28.
Qe2 h6 29. b5 a5 30. Bb3 Qg6 31. Qd3 Qh5 32. Bc4 Rf3 0-1

[Event "World Junior Chess Championship U18 g"]
[Site "Gaziantep"]
[Date "2008.08.08"]
[Round "7.31"]
[White "Kaya, Sena Nur"]
[Black "Bukovec, Tina"]
[Result "1/2-1/2"]
[WhiteElo "1529"]
[BlackElo "1929"]
[PlyCount "39"]
[EventDate "2008.08.??"]
[EventType "swiss"]
[EventRounds "13"]
[EventCountry "TUR"]

1. e4 c5 2. Nf3 Nc6 3. d4 cxd4 4. Nxd4 e5 5. Nb5 a6 6. Nd6+ Bxd6 7. Qxd6 Qf6 8.
Qc7 Nge7 9. Nc3 Nb4 10. Bd3 d5 11. a3 Nxd3+ 12. cxd3 d4 13. Na4 Qc6 14. Qxc6+
Nxc6 15. Nb6 Rb8 16. Nxc8 Rxc8 17. Bd2 Nd8 18. Rc1 Rxc1+ 19. Bxc1 Ne6 20. Ke2
1/2-1/2

[Event "World Junior Chess Championship U18 g"]
[Site "Gaziantep"]
[Date "2008.08.10"]
[Round "8.1"]
[White "Nikolova, Adriana"]
[Black "Harika, Dronavalli"]
[Result "0-1"]
[WhiteElo "2242"]
[BlackElo "2461"]
[PlyCount "102"]
[EventDate "2008.08.??"]
[EventType "swiss"]
[EventRounds "13"]
[EventCountry "TUR"]

1. e4 c5 2. Nf3 d6 3. d4 cxd4 4. Nxd4 Nf6 5. Nc3 a6 6. Bg5 e6 7. f4 Qc7 8. Bxf6
gxf6 9. Qd2 Nc6 10. O-O-O Bd7 11. Be2 h5 12. Kb1 O-O-O 13. Qe1 Kb8 14. Nxc6+
Bxc6 15. Qh4 Be7 16. f5 Rc8 17. Rd2 Qb6 18. Qh3 Bd7 19. Ka1 Rc7 20. Rd3 Qa5 21.
Qg3 Bf8 22. Kb1 Qc5 23. Bd1 h4 24. Qf3 Qe5 25. fxe6 fxe6 26. Rf1 Be7 27. Qf4
Rc5 28. Qxe5 Rxe5 29. Rh3 Bd8 30. a3 Bc6 31. Rd3 Be7 32. Rf4 Rg5 33. Rg4 Rhg8
34. Rxh4 Rxg2 35. Rh7 R8g7 36. Rxg7 Rxg7 37. Ka2 Kc7 38. h3 Rg2 39. Kb3 Kd7 40.
Bg4 Bd8 41. Re3 Bb6 42. Re2 Rg3 43. Kc4 Ba5 44. Kb3 Ke7 45. a4 d5 46. exd5
Bxd5+ 47. Ka3 b5 48. axb5 axb5 49. Re1 Kd6 50. Rd1 Kc5 51. Be2 Bb4# 0-1

[Event "World Junior Chess Championship U18 g"]
[Site "Gaziantep"]
[Date "2008.08.10"]
[Round "8.2"]
[White "Muzychuk, Mariya"]
[Black "Ozturk, Kubra"]
[Result "1-0"]
[WhiteElo "2413"]
[BlackElo "2188"]
[PlyCount "55"]
[EventDate "2008.08.??"]
[EventType "swiss"]
[EventRounds "13"]
[EventCountry "TUR"]

1. e4 e5 2. Nf3 Nc6 3. d4 exd4 4. Nxd4 Bc5 5. Be3 Qf6 6. c3 Qg6 7. f3 Nge7 8.
Qd2 Bb6 9. Nb5 Bxe3 10. Qxe3 Kd8 11. Nd2 a6 12. Nd4 d6 13. O-O-O Bd7 14. f4
Nxd4 15. Qxd4 Nc6 16. Qf2 f5 17. Bd3 Qf7 18. Kb1 Kc8 19. Rhe1 Rf8 20. g3 Nd8
21. e5 d5 22. Nf3 Ne6 23. Bc2 c6 24. c4 dxc4 25. Rd6 Nc7 26. e6 Bxe6 27. Ng5
Qe7 28. Qd2 1-0

[Event "World Junior Chess Championship U18 g"]
[Site "Gaziantep"]
[Date "2008.08.10"]
[Round "8.3"]
[White "Majdan, Joanna"]
[Black "Nakhbayeva, Guliskhan"]
[Result "0-1"]
[WhiteElo "2323"]
[BlackElo "2170"]
[PlyCount "64"]
[EventDate "2008.08.??"]
[EventType "swiss"]
[EventRounds "13"]
[EventCountry "TUR"]

1. e4 c5 2. Nf3 Nc6 3. Bb5 g6 4. O-O Bg7 5. Re1 e5 6. c3 Nge7 7. d4 cxd4 8.
cxd4 exd4 9. Bf4 a6 10. Ba4 b5 11. Bb3 d6 12. a4 bxa4 13. Ba2 O-O 14. Na3 d5
15. Qxa4 Bg4 16. exd5 Bxf3 17. gxf3 Nxd5 18. Bg3 Ncb4 19. Bc4 h5 20. Re4 f5 21.
Qxb4 fxe4 22. fxe4 Kh7 23. Bxd5 h4 24. Bxa8 hxg3 25. hxg3 Qxa8 26. Re1 Qa7 27.
e5 d3 28. Qd2 Bh6 29. Re3 Bxe3 30. fxe3 Qf7 31. Qxd3 Qf2+ 32. Kh1 Qe1+ 0-1

[Event "World Junior Chess Championship U18 g"]
[Site "Gaziantep"]
[Date "2008.08.10"]
[Round "8.4"]
[White "Soumya, Swaminathan"]
[Black "Abrahamyan, Tatev"]
[Result "1-0"]
[WhiteElo "2293"]
[BlackElo "2277"]
[PlyCount "83"]
[EventDate "2008.08.??"]
[EventType "swiss"]
[EventRounds "13"]
[EventCountry "TUR"]

1. e4 c5 2. Nf3 d6 3. d4 cxd4 4. Nxd4 Nf6 5. Nc3 a6 6. g3 e5 7. Nde2 Be7 8. Bg2
O-O 9. a4 b6 10. h3 Bb7 11. g4 b5 12. Ng3 b4 13. Nd5 Nxd5 14. exd5 a5 15. O-O
Bg5 16. Bxg5 Qxg5 17. Ne4 Qd8 18. c4 bxc3 19. bxc3 Bc8 20. f4 Qb6+ 21. Kh1 exf4
22. Rb1 Qc7 23. Rxf4 Na6 24. g5 f5 25. gxf6 g6 26. Ng5 Bf5 27. f7+ Rxf7 28.
Nxf7 Qxf7 29. Rb6 Nc5 30. Rxd6 Qc7 31. Rxf5 Qxd6 32. Rf2 Rb8 33. Qf3 Nxa4 34.
Qf7+ Kh8 35. Rf4 Nxc3 36. Bf3 Qe5 37. Qf6+ Qxf6 38. Rxf6 a4 39. Ra6 Rd8 40. Ra5
Rb8 41. d6 Rd8 42. Ra8 1-0

[Event "World Junior Chess Championship U18 g"]
[Site "Gaziantep"]
[Date "2008.08.10"]
[Round "8.5"]
[White "Preethi, Rajkumar"]
[Black "Mikadze, Miranda"]
[Result "0-1"]
[WhiteElo "2183"]
[BlackElo "2258"]
[PlyCount "110"]
[EventDate "2008.08.??"]
[EventType "swiss"]
[EventRounds "13"]
[EventCountry "TUR"]

1. e4 d5 2. exd5 Qxd5 3. Nc3 Qd8 4. d4 Nf6 5. Nf3 a6 6. a4 Nc6 7. h3 Bf5 8. Bc4
e6 9. O-O Nb4 10. Bb3 c5 11. a5 Bd6 12. Ba4+ Ke7 13. Bg5 h6 14. Bxf6+ Kxf6 15.
dxc5 Bxc5 16. Qe2 Qc7 17. Nd2 g5 18. Nde4+ Kg7 19. Qf3 Bd4 20. Rad1 Rhd8 21. g4
Bxe4 22. Nxe4 Be5 23. c3 Qxa5 24. Ra1 Nd5 25. Ng3 Qc7 26. Nh5+ Kf8 27. Rfe1 Nf4
28. Nxf4 Bxf4 29. Rad1 b5 30. Bc2 Rxd1 31. Rxd1 Rd8 32. Rxd8+ Qxd8 33. Qd3 Ke7
34. Kf1 Qxd3+ 35. Bxd3 Bc1 36. b3 Kd7 37. Ke2 Kc6 38. Bh7 a5 39. Bg8 a4 40.
bxa4 bxa4 41. Bxf7 Kd5 42. Bg6 a3 43. Bb1 e5 44. Ba2+ Ke4 45. Bb1+ Kf4 46. Ba2
Bb2 47. c4 Bd4 48. f3 Kg3 49. Bb1 Kxh3 50. Ba2 Kg3 51. Bb1 Kf4 52. Ba2 Bb6 53.
Bb1 Bc5 54. Ba2 e4 55. fxe4 Ke5 0-1

[Event "World Junior Chess Championship U18 g"]
[Site "Gaziantep"]
[Date "2008.08.10"]
[Round "8.6"]
[White "Mamedjarova, Turkan"]
[Black "Severiukhina, Zoja"]
[Result "0-1"]
[WhiteElo "2284"]
[BlackElo "2300"]
[PlyCount "92"]
[EventDate "2008.08.??"]
[EventType "swiss"]
[EventRounds "13"]
[EventCountry "TUR"]

1. c4 g6 2. Nc3 Bg7 3. d4 d6 4. g3 Nf6 5. Bg2 O-O 6. Nf3 Nbd7 7. O-O e5 8. b3
Re8 9. e4 a5 10. Re1 exd4 11. Nxd4 Nc5 12. h3 c6 13. Bf4 Nh5 14. Be3 Nf6 15.
Qc2 Nfd7 16. Rad1 Na6 17. a3 Ndc5 18. Nde2 f5 19. Bf4 fxe4 20. Nxe4 Bf5 21. Nc1
d5 22. f3 Qb6 23. g4 Nxe4+ 24. Kh2 Nc3 25. gxf5 Nxd1 26. Rxd1 Rf8 27. cxd5 Rxf5
28. Qe4 Nc5 29. Qc4 Qb5 30. Be3 Qxc4 31. bxc4 Na4 32. Bd4 Nb2 33. Bxb2 Bxb2 34.
Ne2 cxd5 35. cxd5 Bxa3 36. f4 Bd6 37. Kg3 Re8 38. Bf3 h5 39. Ra1 b6 40. Ra4 Re3
41. Rc4 Rxd5 42. Kf2 Rdd3 43. Be4 Ra3 44. Bxg6 Bc5 45. Kf1 Ra1+ 46. Kf2 Rc3+
0-1

[Event "World Junior Chess Championship U18 g"]
[Site "Gaziantep"]
[Date "2008.08.10"]
[Round "8.7"]
[White "Guo, Qi"]
[Black "Bodnaruk, Anastasia"]
[Result "1-0"]
[WhiteElo "2048"]
[BlackElo "2394"]
[PlyCount "99"]
[EventDate "2008.08.??"]
[EventType "swiss"]
[EventRounds "13"]
[EventCountry "TUR"]

1. d4 Nf6 2. c4 g6 3. Nc3 Bg7 4. e4 d6 5. Nf3 O-O 6. Be2 e5 7. Be3 Ng4 8. Bg5
f6 9. Bh4 Nc6 10. d5 Ne7 11. Nd2 Nh6 12. f3 c5 13. Rb1 g5 14. Bf2 f5 15. b4 b6
16. bxc5 bxc5 17. O-O Ng6 18. g3 Kh8 19. Qa4 a5 20. Rb2 g4 21. Rfb1 Bd7 22. Qd1
Nf4 23. Bf1 Nh5 24. Rb6 Qe7 25. exf5 Bxf5 26. Nce4 Rad8 27. Be3 Rd7 28. Be2
gxf3 29. Bxf3 Nf6 30. Bg5 Nhg8 31. R1b5 Bh6 32. Nxf6 Bxg5 33. Nxd7 Bxd7 34. Rb3
Ba4 35. Ne4 Be3+ 36. Kg2 Nf6 37. Nxd6 e4 38. Nf5 Bxb3 39. Nxe7 Bxd1 40. Bxd1
Bd4 41. Re6 e3 42. g4 Rb8 43. Nf5 Nd7 44. d6 Nf8 45. Re4 Rb2+ 46. Kg3 Rd2 47.
Bf3 Kg8 48. Re7 Ng6 49. Bd5+ Kf8 50. d7 1-0

[Event "World Junior Chess Championship U18 g"]
[Site "Gaziantep"]
[Date "2008.08.10"]
[Round "8.8"]
[White "Ivakhinova, Inna"]
[Black "Pertlova, Sona"]
[Result "1/2-1/2"]
[WhiteElo "2248"]
[BlackElo "2217"]
[PlyCount "38"]
[EventDate "2008.08.??"]
[EventType "swiss"]
[EventRounds "13"]
[EventCountry "TUR"]

1. d4 Nf6 2. Nf3 e6 3. c4 b6 4. g3 Ba6 5. Qa4 Bb7 6. Bg2 c5 7. dxc5 bxc5 8. O-O
Be7 9. Nc3 O-O 10. Bf4 d6 11. Rfd1 a6 12. Rd2 Qc7 13. a3 Rd8 14. Rc1 Nbd7 15.
Rcd1 Nb6 16. Qb3 h6 17. a4 Rab8 18. Qa2 g5 19. Be3 Ng4 1/2-1/2

[Event "World Junior Chess Championship U18 g"]
[Site "Gaziantep"]
[Date "2008.08.10"]
[Round "8.9"]
[White "Hoolt, Sarah"]
[Black "Borosova, Zuzana"]
[Result "1-0"]
[WhiteElo "2298"]
[BlackElo "2254"]
[PlyCount "75"]
[EventDate "2008.08.??"]
[EventType "swiss"]
[EventRounds "13"]
[EventCountry "TUR"]

1. e4 e5 2. Nf3 Nc6 3. Bb5 a6 4. Ba4 Nf6 5. O-O Be7 6. d3 b5 7. Bb3 Bb7 8. a4
b4 9. a5 O-O 10. Nbd2 d5 11. c3 dxe4 12. dxe4 bxc3 13. bxc3 Qd3 14. Nc4 Qxd1
15. Rxd1 Nxe4 16. Ncxe5 Nxe5 17. Nxe5 Bd6 18. Nc4 Rfd8 19. Nxd6 cxd6 20. Ba3
Nxc3 21. Rxd6 Nb5 22. Rxd8+ Rxd8 23. Bc5 g6 24. Re1 Rd7 25. h3 Bd5 26. Ba4 Bc4
27. Re8+ Kg7 28. Ra8 Rd2 29. Bf8+ Kf6 30. Rxa6+ Ke5 31. Rc6 Kd4 32. Rb6 Nc3 33.
Bg7+ Kd3 34. Rd6+ Nd5 35. Bc6 Ke2 36. a6 Rd1+ 37. Kh2 Kxf2 38. a7 1-0

[Event "World Junior Chess Championship U18 g"]
[Site "Gaziantep"]
[Date "2008.08.10"]
[Round "8.10"]
[White "Gasik, Anna"]
[Black "Gomes, Mary Ann"]
[Result "1/2-1/2"]
[WhiteElo "2211"]
[BlackElo "2316"]
[PlyCount "76"]
[EventDate "2008.08.??"]
[EventType "swiss"]
[EventRounds "13"]
[EventCountry "TUR"]

1. e4 c5 2. Nc3 Nc6 3. Nge2 e5 4. Nd5 d6 5. Nec3 Be6 6. Bc4 a6 7. a4 Nge7 8. d3
h6 9. O-O Rb8 10. f4 exf4 11. Bxf4 Ng6 12. Bg3 Nge5 13. Ba2 Be7 14. Nxe7 Qxe7
15. Nd5 Qd8 16. c3 Ng6 17. Ne3 Bxa2 18. Rxa2 Nce7 19. Nc4 Nc8 20. e5 O-O 21.
Nxd6 Nxd6 22. exd6 Qd7 23. b3 Rbe8 24. d4 f5 25. Qh5 Kh7 26. Raf2 cxd4 27. cxd4
f4 28. Bxf4 Nxf4 29. Rxf4 Rxf4 30. Rxf4 Qxd6 31. Qf5+ Kh8 32. Re4 Rf8 33. Qe5
Qa3 34. h3 Qxb3 35. d5 Qb6+ 36. Kh2 Rd8 37. Rd4 Qd6 38. Qxd6 Rxd6 1/2-1/2

[Event "World Junior Chess Championship U18 g"]
[Site "Gaziantep"]
[Date "2008.08.10"]
[Round "8.11"]
[White "Hamrakulova, Yulduz"]
[Black "Dauletova, Gulmira"]
[Result "1/2-1/2"]
[WhiteElo "2145"]
[BlackElo "2267"]
[PlyCount "76"]
[EventDate "2008.08.??"]
[EventType "swiss"]
[EventRounds "13"]
[EventCountry "TUR"]

1. Nf3 Nf6 2. d4 g6 3. b3 Bg7 4. Bb2 O-O 5. g3 b6 6. Bg2 Bb7 7. c4 d6 8. O-O
Nbd7 9. Nbd2 Ne4 10. Qc2 Nxd2 11. Qxd2 Nf6 12. Rfd1 Rb8 13. Rac1 c5 14. Ne1
Bxg2 15. Nxg2 Qd7 16. Qd3 Bh6 17. Rc2 Qh3 18. f3 Bg7 19. e4 cxd4 20. Bxd4 Qd7
21. Ne3 Rfc8 22. f4 Qb7 23. e5 Ne4 24. exd6 Nxd6 25. Bxg7 Kxg7 26. Qd4+ Kg8 27.
Nd5 Ne8 28. Rcd2 Rc6 29. Qe5 Re6 30. Qg5 Nf6 31. f5 Ne4 32. Qf4 gxf5 33. Rd3
Re8 34. Qxf5 Nd6 35. Qg5+ Kf8 36. Nf4 Rf6 37. Qd5 Qxd5 38. Rxd5 Kg7 {...}
1/2-1/2

[Event "World Junior Chess Championship U18 g"]
[Site "Gaziantep"]
[Date "2008.08.10"]
[Round "8.12"]
[White "Padmini, Rout"]
[Black "Nadig, Kruttika"]
[Result "0-1"]
[WhiteElo "2257"]
[BlackElo "2241"]
[PlyCount "54"]
[EventDate "2008.08.??"]
[EventType "swiss"]
[EventRounds "13"]
[EventCountry "TUR"]

1. e4 c5 2. Nf3 d6 3. g3 Nc6 4. Bg2 g6 5. O-O Bg7 6. c3 Nf6 7. Re1 O-O 8. h3 h6
9. d3 Be6 10. Na3 Rc8 11. Nc2 d5 12. e5 Nd7 13. d4 Bf5 14. Nh4 Bxc2 15. Qxc2
cxd4 16. e6 Nde5 17. exf7+ Rxf7 18. f4 g5 19. fxe5 gxh4 20. Qg6 dxc3 21. Bxh6
e6 22. Bxg7 Qb6+ 23. Kh1 Ne7 24. Qc2 cxb2 25. Qd2 bxa1=Q 26. Rxa1 Rxg7 27. g4
Qc7 0-1

[Event "World Junior Chess Championship U18 g"]
[Site "Gaziantep"]
[Date "2008.08.10"]
[Round "8.13"]
[White "Corke, Anya"]
[Black "Kazimova, Narmin"]
[Result "0-1"]
[WhiteElo "2255"]
[BlackElo "2148"]
[PlyCount "170"]
[EventDate "2008.08.??"]
[EventType "swiss"]
[EventRounds "13"]
[EventCountry "TUR"]

1. d4 Nf6 2. c4 e6 3. Nf3 b6 4. g3 Ba6 5. Qb3 c5 6. d5 exd5 7. cxd5 Bd6 8. Nc3
O-O 9. e3 Re8 10. Nd2 Bf8 11. Bc4 Bxc4 12. Nxc4 d6 13. O-O Nbd7 14. Qc2 a6 15.
a4 Rb8 16. e4 Qc7 17. f3 b5 18. Ne3 g6 19. Bd2 c4 20. axb5 axb5 21. Na2 Nc5 22.
Bc3 Bg7 23. Nb4 Nb3 24. Rae1 Qb6 25. Qf2 Nd7 26. Bxg7 Kxg7 27. Qc2 Nd4 28. Qc3
f6 29. Kg2 Ra8 30. Rd1 Nb3 31. Nec2 Ndc5 32. Na1 Na4 33. Qc2 Nac5 34. Qf2 Qc7
35. Nac2 Ra4 36. Qe3 Rc8 37. Rf2 Rca8 38. Nc6 Nd3 39. Rxd3 cxd3 40. Qxd3 Nc5
41. Qxb5 Qb7 42. N2d4 Qxb5 43. Nxb5 Ra2 44. Nb4 R2a4 45. Nc6 Ra2 46. Nxd6 Nd3
47. Rd2 Rxb2 48. Rxb2 Nxb2 49. f4 Ra2 50. e5 Nd1+ 51. Kg1 fxe5 52. fxe5 Ne3 53.
Ne8+ Kf8 54. Nf6 Rg2+ 55. Kh1 Rd2 56. h4 h5 57. d6 Rd1+ 58. Kh2 Ng4+ 59. Nxg4
hxg4 60. Nd8 Ke8 61. Ne6 Re1 62. d7+ Kxd7 63. Nf8+ Ke7 64. Nxg6+ Kf7 65. h5 Kg7
66. Kg2 Kh6 67. Kf2 Re4 68. Nf4 Rxe5 69. Kf1 Kg5 70. Kf2 Re8 71. Kf1 Re7 72.
Kf2 Kf5 73. Nd5 Rh7 74. Nf4 Ke4 75. Ke2 Rb7 76. Nd3 Rh7 77. Nf4 Ra7 78. h6 Rh7
79. Nd3 Rxh6 80. Nf2+ Kf5 81. Ke3 Re6+ 82. Kd2 Ra6 83. Ke3 Ra1 84. Nd3 Rf1 85.
Nf2 Rg1 0-1